Normal view
MARC view
Entry Personal Name
001 - CONTROL NUMBER
- control field: 265835
003 - CONTROL NUMBER IDENTIFIER
- control field: OSt
005 - DATE AND TIME OF LATEST TRANSACTION
- control field: 20260622092123.0
008 - FIXED-LENGTH DATA ELEMENTS
- fixed length control field: 260622|| aca||aabn | a|a d
040 ## - CATALOGING SOURCE
- Original cataloging agency: OSt
- Transcribing agency: OSt
100 ## - HEADING--PERSONAL NAME
- Personal name: Krishna Valasangkar and others
670 ## - SOURCE DATA FOUND
- Source citation: Work cat.: (OSt)93902: Krishna Valasangkar and others, Aspects of political theory, 1981